| Tag |
First Indicator |
Second Indicator |
Subfields |
| LEADER |
00000cam a2200000Ia 4500 |
| 001 |
in00002782684 |
| 005 |
20211120170435.0 |
| 006 |
m o d f |
| 007 |
cr cn||||||||| |
| 008 |
121107s2010 ohua obt f000 0 eng d |
| 035 |
|
|
|a (OCoLC)ocn816351450
|
| 040 |
|
|
|a GPO
|c GPO
|d MvI
|d UtOrBLW
|
| 049 |
|
|
|a WWW
|
| 074 |
|
|
|a 0830-D (online)
|
| 086 |
0 |
|
|a NAS 1.15:2010-215845
|
| 100 |
1 |
|
|a Nelson, Emily S.
|
| 245 |
1 |
0 |
|a Portable diagnostics technology assessment for space missions /
|c Emily S. Nelson and Arnon Chait.
|
| 264 |
|
1 |
|a Cleveland, Ohio :
|b National Aeronautics and Space Administration, Glenn Research Center,
|c [2010]
|
| 300 |
|
|
|a 1 online resource (2 volumes) :
|b color illustrations
|
| 336 |
|
|
|a text
|b txt
|2 rdacontent
|
| 337 |
|
|
|a computer
|b c
|2 rdamedia
|
| 338 |
|
|
|a online resource
|b cr
|2 rdacarrier
|
| 490 |
1 |
|
|a NASA/TM ;
|v 2010-215845/PART1, 2010-215845/PART2
|
| 500 |
|
|
|a Title from title screen (viewed on Nov. 7, 2012).
|
| 500 |
|
|
|a "February 2010."
|
| 504 |
|
|
|a Includes bibliographical references.
|
| 505 |
0 |
|
|a pt. 1. General technology capabilities for NASA exploration missions -- pt. 2. Market survey.
|
| 536 |
|
|
|a Sponsored by National Aeronautics and Space Administration
|h WBS 444543.01.02.01
|
| 536 |
|
|
|d E-17108-1
|d E-17108
|
| 500 |
|
|
|a Electronic resource.
|
| 650 |
|
7 |
|a Safety factors.
|2 nasat
|
| 650 |
|
7 |
|a Space missions.
|2 nasat
|
| 650 |
|
7 |
|a Spacecrews.
|2 nasat
|
| 650 |
|
7 |
|a Safety devices.
|2 nasat
|
| 650 |
|
7 |
|a Aerospace medicine.
|2 nasat
|
| 650 |
|
7 |
|a Diagnosis.
|2 nasat
|
| 650 |
|
7 |
|a Microgravity.
|2 nasat
|
| 650 |
|
7 |
|a Technological forecasting.
|2 nasat
|
| 650 |
|
7 |
|a Mars exploration.
|2 nasat
|
| 650 |
|
7 |
|a Mars missions.
|2 nasat
|
| 700 |
1 |
|
|a Chait, Arnon.
|
| 710 |
2 |
|
|a NASA Glenn Research Center.
|
| 830 |
|
0 |
|a NASA technical memorandum ;
|v 2010-215845/PART1, 2010-215845/PART2.
|
| 856 |
4 |
0 |
|u https://purl.fdlp.gov/GPO/gpo30980
|t 0
|
| 999 |
|
|
|a MARS
|
| 999 |
f |
f |
|s 3da7fae2-27e9-38b8-964d-2f56d0778c51
|i dfa5057d-4638-3220-8d7d-cad2b1f54fee
|t 0
|
| 952 |
f |
f |
|a Texas A&M University
|b College Station
|c Electronic Resources
|d Available Online
|t 0
|e NAS 1.15:2010-215845
|h Superintendent of Documents classification
|
| 998 |
f |
f |
|a NAS 1.15:2010-215845
|t 0
|l Available Online
|